000 nam a22 a 4500
999 _c382665
_d382665
003 BLK
005 20210709145939.0
008 180411b bul|||||r ||||||| ||bul||
010 _aKNG00190689000
020 _a978-954-723-218-1
040 _aBLK
041 _aBUL
_cBUL
072 7 _2bullib
_aН33
_xИкономика Н
080 _aВътрешна политика. Вж и 329
_b323
_x(497.2)(091)
_z323(497.2)(091)
080 _aАнтична демокрация. Теокрация. Аристокрация. Олигархия. Патрициат. Плутокрация
_b321.15
_z321.15(497.2)
100 1 _aЯнков, Митрю Недев
_eпърви автор
_9378705
139 _aЯнков, Митрю Недев
_bЯ 60
245 1 0 _aДемокрация или "демагогска олигархия"
_bКритичен анализ на либералната демокрация и нейните постсоциалистически версии
_cМитрю Янков.
257 _aBGR
260 _bТип-топ прес
_c2019
_aСофия
300 _a504 с.
_c24 см
380 _a3
500 _aБиогр. данни за авт. отбелязани на кор. - Библиогр.: с. 470-486 Рез. на рус. ез.
650 4 _aПреход от тоталитаризъм към демокрация - България
_9245662
653 7 _aолигархия
_9192769
856 4 _qpdf
856 4 _qpdf
942 _cKNG
_n0
_s1
944 _aCR
_c2020-08-16
_kВиолета_Тройчева
999 _d382665